000 00658nam a2200217Ii 4500
003 JO-AjNU
008 230605s9999||||xx |||||||||||||| ||und||
017 _a20/3263
020 _a9960-14-076-8
040 _aJO-AjNU
_bara
_erda
_cJO-AjNU
041 _aara
050 1 4 _aQA76.9.A25.H3789 2000
100 3 _aداود ، حسن طاهر,
_eauthor
_927803
245 0 0 _aالحاسب وامن المعلومات
264 3 1 _aالرياض,مكتبة الملك فهد ، 2002
300 _a429ص
336 _atext
_btxt
_2rdacontent
337 _aunmediated
_bn
_2rdamedia
338 _avolume
_bnc
_2rdacarrier
650 4 _aامن الحاسوب
_927804
999 _aA10708
_c14276
_d14276